Normal view
MARC view
- WIN32 API PUZZLE BOOK VISUAL BASIC PROGRAMMERS-API PUZZLE BOOK API PUZZLE BOOK
Entry Topical Term
001 - CONTROL NUMBER
- control field: 78416
003 - CONTROL NUMBER IDENTIFIER
- control field: NUST
005 - DATE AND TIME OF LATEST TRANSACTION
- control field: 20210628210202.0
008 - FIXED-LENGTH DATA ELEMENTS
- fixed length control field: 210628|| aca||aabn | a|a d
040 ## - CATALOGING SOURCE
- Original cataloging agency: NUST
- Transcribing agency: NUST
150 ## - HEADING--TOPICAL TERM
- Topical term or geographic name entry element: WIN32 API PUZZLE BOOK VISUAL BASIC PROGRAMMERS-API PUZZLE BOOK API PUZZLE BOOK
670 ## - SOURCE DATA FOUND
- Source citation: Work cat.: (NUST): Appleman, Daniel 78415, Dan applemann's win32 api puzzle book and tutorial for visual basic programmers, 1999
